Allies of India - Statistics

General Stats
  • This quiz has been taken 146 times
    119 since last reset
  • The average score is 16 of 26
Answer Stats
Hint Answer % Correct
Europe/ Asia Russia
96%
North America United States
96%
Europe United Kingdom
92%
Europe France
89%
Oceania Australia
86%
Europe Germany
82%
Asia Japan
82%
North America Canada
75%
Asia South Korea
74%
South America Brazil
72%
Asia Israel
71%
Oceania New Zealand
69%
Europe Italy
65%
Africa South Africa
65%
Asia Bhutan
63%
Europe/ Asia Armenia
57%
Europe Poland
57%
Europe Greece
51%
Asia Taiwan
49%
Asia United Arab Emirates
46%
Oceania Fiji
43%
Asia Philippines
42%
Europe Serbia
33%
Europe Austria
32%
Europe/ Asia Cyprus
28%
Africa Cameroon
17%
No matching quizzes found
Score Distribution
Percent of People with Each Score
Percentile by Number Answered
Your Score History
You have not taken this quiz since the last reset